000
00297nam a2200133Ia 4500
005
20260326235440.0
008
260326s9999||||xx |||||||||||||| ||und||
100
_a
Mayne, Thom
245
0
_a
Morphosis /
_c
Thom Mayne
260
_b
Phaidon
300
_a
287 p.
650
_a
ARQUITECTOS
942
_c
BK
999
_c
7360
_d
7360